Literature Quiz

Random Literature or War Quiz

Odysseus' Adventures Quiz Stats

Quiz not verified by Sporcle

Also try: Goosebumps Series
Challenge
Share
Tweet
Embed
Score 0/13 Timer 05:00
0 Plays Today
Hint Answer % Correct
The Swine, the Witch and the Distant IslandKirke
83.5%
A shepherd, who is a son of a god and a terrible hostPolyphemos
75.3%
Ear + WaxSirens
69.6%
A nymph and a mortalKalypso
62%
Encounter with happy, if a bit lethargic, raceLotus Eaters
58.2%
A nasty twosome who feeds on sailorsSkylla and Charybdis
54.1%
Brief and bitter reunion with friends and familyLand of the Dead
46.5%
Not so happy returnIthaka
45.6%
Odysseus receives a valuable gift there, but loses itAiolos
39.6%
CANNIBALS!Laistrygones
26.9%
The first stop and the first disasterIsmaros
21.5%
A blessed land of the gods' kinsmenPhaiakians
16.5%
A sacrilege and divine retribution, which only Odysseus survivesThrinakia
11.1%

You're not logged in!

Compare scores with friends on all Sporcle quizzes.
Sign Up with Email
OR
Log In

You Might Also Like...

Show Comments

Extras

Top Quizzes Today


Score Distribution

Your Account Isn't Verified!

In order to create a playlist on Sporcle, you need to verify the email address you used during registration. Go to your Sporcle Settings to finish the process.

Report this User

Report this user for behavior that violates our Community Guidelines.

Details: